A housekeeping és a vele együttműködő részlegek közötti kommunikáció bemutatása a Mercure Budapest Korona Hotel alapján

Bibliographic Details
Main Author: Csiszovszki Réka
Other Authors: Fábián Tamás Zoltán
Format: Project work
Kulcsszavak:Accor Hotels
belső kommunikáció fejlesztése
housekeeping
műszak
recepció
Online Access:http://dolgozattar.uni-bge.hu/59788

MARC

LEADER 00000nnm a2200000 i 4500
001 dolg59788
005 20260409145550.0
008 260409suuuu hu o 000 hun d
040 |a BGE Dolgozattár Repozitórium  |b hun 
041 |a hu 
100 1 |a Csiszovszki Réka 
245 1 2 |a A housekeeping és a vele együttműködő részlegek közötti kommunikáció bemutatása a Mercure Budapest Korona Hotel alapján  |c Csiszovszki Réka  |h [elektronikus dokumentum] 
516 |a Project_work 
520 3 |a A projektmunkámat a housekeeping és a vele együttműködő részlegek közötti kommunikációról írtam, a Mercure Korona Budapest Hotelben töltött gyakorlatom alatt szerzett tapasztalataim alapján. Először is a bemutattam a housekeeping részleg működését a szállodában ezután a Műszak és a recepció részlegével történő kommunikációs szituációkat fejtettem ki, majd az általam észrevett információáramlási problémákat vizsgáltam meg, egy interjú keretein belül. S ezekre kerestem a megoldásokat. Említést tettem még, hogy milyen fontos is a csapatépítők és tréningek gyakori szervezése ebben a szakmában. 
695 |a Accor Hotels 
695 |a belső kommunikáció fejlesztése 
695 |a housekeeping 
695 |a műszak 
695 |a recepció 
700 1 |a Fábián Tamás Zoltán  |e ths 
856 4 0 |u http://dolgozattar.uni-bge.hu/59788/1/projektmunka.pdf  |z Dokumentum-elérés 
856 4 0 |u http://dolgozattar.uni-bge.hu/59788/2/Csiszovszki%20R%C3%A9ka_FOSZK_F%C3%A1bi%C3%A1n%20Tam%C3%A1s.pdf  |z Dokumentum-elérés